=LDR 00000nam 2200000 4500 =001 INLIS000000000061185 =005 20220905011531 =035 ##$$a 0010-0922000007 =007 ta =008 220905###########################0#ind## =020 ##$$a 978-979-33-6315-4 =082 ##$$a 100 =084 ##$$a 100 WID f =100 #$$a Widi Hidayat =245 1#$$a Filsafat Ilmu & Logika Sains /$c Widi Hidayat =250 ##$$a cet 2 =260 ##$$a Sidoarjo :$b Laros,$c 2013 =300 ##$$a 160 halaman : $b ilustrasi ; $c 20 cm =650 #4$$a Filsafat =990 ##$$a 22142214